Desacelerar o morir : todo lo que hay que saber (y desmitificar) para comprender el decrecimiento /
Contiene: 1) La vida secreta del PIB; 2) El imposible desacoplamiento; 3) Mercado contra sociedad; 4) Falsas promesas; 5) Pequeña historia del crecimiento; 6) Un camino de transición; 7) Un proyecto de sociedad; 8) Controversias.
Gorde:
| Egile nagusia: | |
|---|---|
| Formatua: | Liburua |
| Hizkuntza: | gaztelania |
| Argitaratua: |
México :
Siglo XXI,
2024, c2024
|
| Saila: | (Otros Futuros Posibles)
|
| Gaiak: | |
| Etiketak: |
Etiketarik gabe, Izan zaitez lehena erregistro honi etiketa jartzen!
|
MARC
| LEADER | 00000nam^a2200000^a^4500 | ||
|---|---|---|---|
| 001 | 000627248 | ||
| 005 | 20260204000000.0 | ||
| 009 | 20260310134050.737 | ||
| 020 | |a 978-607-03-1380-6 | ||
| 037 | |a Acervo ITESO - Biblioteca | ||
| 041 | |a ESP | ||
| 082 | |a 330. 128 |b PAR | ||
| 100 | |a Parrique, Timothée |e (autor) | ||
| 245 | 1 | 0 | |a Desacelerar o morir : |b todo lo que hay que saber (y desmitificar) para comprender el decrecimiento / |c T. Parrique ; tr. por Daniel Rudy Hiller. |
| 264 | 4 | |a México : |b Siglo XXI, |c 2024, c2024 | |
| 300 | |a 315 p. | ||
| 336 | |a texto |b txt |2 rdacontenido | ||
| 337 | |a sin mediación |b n |2 rdamedio | ||
| 338 | |a volumen |b nc |2 rdasoporte | ||
| 440 | 1 | |a (Otros Futuros Posibles) | |
| 520 | |a Contiene: 1) La vida secreta del PIB; 2) El imposible desacoplamiento; 3) Mercado contra sociedad; 4) Falsas promesas; 5) Pequeña historia del crecimiento; 6) Un camino de transición; 7) Un proyecto de sociedad; 8) Controversias. | ||
| 521 | |a FIL 2025 DIA | ||
| 649 | |a XX | ||
| 650 | |a Crecimiento Negativo (Economía) - |x Tema Principal | ||
| 650 | |a Producto Nacional Bruto | ||
| 650 | |a Igualdad y Desigualdad - |x Aspectos Económicos | ||
| 650 | |a Desarrollo Sustentable | ||
| 650 | |a Desarrollo Económico-Social | ||
| 650 | |a Capitalismo | ||
| 650 | |a Medio Ambiente - |x Aspectos Económicos | ||
| 650 | |a Ecología - |x Aspectos Económicos | ||
| 650 | |a Economía - |x Teoría | ||
| 910 | |a Fondo General | ||
| 920 | |a Impresos - Libros | ||
| 930 | |a Colección General | ||
| 905 | |a 101 | ||
| 901 | |a 627248-10 |b IT1 |c ACC |i C192141 |u 20260204 | ||
| 902 | |a https://opac.biblio.iteso.mx/vufind/Record/000627248 | ||